[Event "Sabaneta op-B 1st"]
[Site "Sabaneta"]
[Date "2022.11.27"]
[Round "4"]
[White "Molina Ballesteros, Juan Sebastian"]
[Black "Flores, Victor Hugo"]
[Result "1-0"]
[WhiteElo "1718"]
[BlackElo "1600"]
[PlyCount "83"]
[EventDate "2022.11.25"]
[EventType "swiss"]
[EventRounds "8"]
[EventCountry "COL"]
[SourceTitle "CBM 211 Extra"]
[Source "ChessBase"]
[SourceDate "2023.01.31"]
[SourceVersion "1"]
[SourceVersionDate "2023.01.31"]
[SourceQuality "1"]

1. e4 e5 2. Nf3 d6 3. d4 exd4 4. Nxd4 Nf6 5. Nc3 Be7 6. Be2 0-0 7. 0-0 a6 8. f4 c5 9. Nb3 Be6 10. Bf3 Nc6 11. Be3 Rc8 12. Qd2 Ng4 13. Bxg4 Bxg4 14. f5 f6 15. Nd5 Bh5 16. Nf4 Bf7 17. Qf2 Ne5 18. Rad1 Qb6 19. Bc1 Qb4 20. Rfe1 Rfd8 21. Bd2 Qa4 22. Bc3 b6 23. Qg3 Qd7 24. Bxe5 fxe5 25. Nd5 Bxd5 26. Rxd5 Bf6 27. Red1 Qc7 28. Nd2 b5 29. Nf3 c4 30. Qf2 b4 31. g4 h6 32. h4 Rd7 33. g5 hxg5 34. hxg5 Be7 35. Nxe5 Rdd8 36. Nf3 Bf8 37. Nd4 Qf7 38. Ne6 Re8 39. g6 Qb7 40. Qh4 Qa7+ 41. R1d4 Rxe6 42. Qh7# 1-0